000 00392cam a2200157ua 4500
041 _aeng
_h
082 _a523.1
_bGAM/MA
100 _aGamow, george .
245 _aMatter, earth, and sky /
_cGeorge Gamow.
_hTextual Documents
250 _a1 /
_b.
260 _aLondon :
_bMacMillan and Company Limited ,
_c1960.
300 _a593 ; .
504 _a
942 _cBK
999 _c3210
_d3210